000 01098nam a22003377a 4500
001 0059403
003 KOHA_MİRAKIL
005 20260207004227.0
007 ta
008 160928b2016 tu |||gr||||#||||0|tur |
020 _a9789752500341
_cTL3,3
040 _aTR-BiSEU
_btur
_cTR-BiSEU
_erda
041 0 _atur
044 _ctu
050 _aHD31
_b.F3919 2016
100 1 _aFayol, Henri.
245 1 _aGenel ve endüstriyel yönetim :
_bPlanlama - örgütleme - kumanda koordinasyon - kontrol/
_cHenri Fayol ; Henri Fayol; çeviren M. Asım Çalıkoğlu; sadeleştiren ve hazırlayan Bahadır Akın.
250 _a2. bs.
264 1 _aAnkara :
_bAdres Yayınları
_c2016
300 _a174 sayfa; 21 cm.
336 _ametin
_btxt
_2rdacontent
337 _aaracısız
_bn
_2rdamedia
338 _acilt
_bnc
_2rdacarrier
490 1 _aAdres Yayınları ;
_v9.
490 1 _aYönetim Kalsikleri ;
_v3.
650 0 _aYönetim.
_93705
650 0 _aGirişimcilik.
_92836
830 1 _aAdres Yayınları ;
_v9.
_917676
830 1 _aYönetim Kalsikleri ;
_v3.
_9109873
942 _2lcc
_cBK
999 _c59207
_d59207